000 00747cam a22002414a 4500
001 13197461
005 20180125065154.0
008 030514s2004 njua 001 0 eng
010 _a 2003049895
020 _a0130327506
040 _aDLC
_cDLC
_dDLC
041 _aeng
042 _apcc
080 _a658.1511 mic
082 0 0 _a658.1511 mic
_221
100 1 _a62
101 _akon
245 1 0 _aIntroduction to management accounting :
_cMichael L. Werner, Kumen H. Jones.
246 3 0 _aManagement accounting
906 _a7
_bcbc
_corignew
_d1
_eocip
_f20
_gy-gencatlg
942 _2ddc
_cBK
999 _c40920
_d40920